Catalog

Record Details

Catalog Search



Hypercomputation Computing Beyond the Church-Turing Barrier  Cover Image E-book E-book

Hypercomputation [electronic resource] : Computing Beyond the Church-Turing Barrier / by Apostolos Syropoulos.

Record details

  • ISBN: 9780387499703
  • Physical Description: X, 260p. 19 illus. online resource.
  • Publisher: Boston, MA : Springer US, 2008.
Subject: Computer science.
Coding theory.
Information theory.
Computer software.
Computer Science.
Theory of Computation.
Algorithm Analysis and Problem Complexity.
Computation by Abstract Devices.
Coding and Information Theory.

Electronic resources


LDR 01392nam a22003735i 4500
0019756
003CONS
00520131217141643.0
007cr nn 008mamaa
008110402s2008 xxu| s |||| 0|eng d
020 . ‡a9780387499703 ‡9978-0-387-49970-3
0247 . ‡a10.1007/978-0-387-49970-3 ‡2doi
035 . ‡a(DE-He213)978-0-387-49970-3
1001 . ‡aSyropoulos, Apostolos. ‡eauthor.
24510. ‡aHypercomputation ‡h[electronic resource] : ‡bComputing Beyond the Church-Turing Barrier / ‡cby Apostolos Syropoulos.
264 1. ‡aBoston, MA : ‡bSpringer US, ‡c2008.
300 . ‡aX, 260p. 19 illus. ‡bonline resource.
336 . ‡atext ‡btxt ‡2rdacontent
337 . ‡acomputer ‡bc ‡2rdamedia
338 . ‡aonline resource ‡bcr ‡2rdacarrier
347 . ‡atext file ‡bPDF ‡2rda
650 0. ‡aComputer science.
650 0. ‡aCoding theory.
650 0. ‡aInformation theory.
650 0. ‡aComputer software.
65014. ‡aComputer Science.
65024. ‡aTheory of Computation.
65024. ‡aAlgorithm Analysis and Problem Complexity.
65024. ‡aComputation by Abstract Devices.
65024. ‡aCoding and Information Theory.
7102 . ‡aSpringerLink (Online service)
7730 . ‡tSpringer eBooks
77608. ‡iPrinted edition: ‡z9780387308869
85640. ‡uhttp://biblioteca.ipicyt.edu.mx:2048/login?url=http://dx.doi.org/10.1007/978-0-387-49970-3 ‡yTexto completo ‡9CONS
950 . ‡aComputer Science (Springer-11645)
901 . ‡a9756 ‡b ‡c9756 ‡tbiblio ‡sSystem Local

Additional Resources